El Desarrollo actual de la sociología latinoamericana visto por otra disciplina
Furkejuvvon:
| Searvvušdahkki: | |
|---|---|
| Materiálatiipa: | Texto |
| Almmustuhtton: |
San José :
|
| Fáddágilkorat: |
Lasit fáddágilkoriid
Eai fáddágilkorat, Lasit vuosttaš fáddágilkora!
|
MARC
| LEADER | 00000 a a2200000 04500 | ||
|---|---|---|---|
| 001 | 17700 | ||
| 003 | |||
| 040 | |||
| 090 | |a 000800 | ||
| 110 | |a Escuela de Trabajo Social. UCR | ||
| 245 | |a El Desarrollo actual de la sociología latinoamericana visto por otra disciplina | ||
| 260 | |a San José : | ||
| 300 | |a 39 p | ||
| 999 | |c 11899 |d 11899 | ||
